| 000 | 00706nam a2200253Ia 4500 | ||
|---|---|---|---|
| 001 | Para_175 | ||
| 003 | CHAP | ||
| 008 | 220125s1990 xx 000 0 und d | ||
| 010 | _a198693 | ||
| 040 | _cCHAP | ||
| 090 | _aPA FOLLETO 3144 | ||
| 100 |
_aRosa Lopez, Lucio Adelaido de la _9163977 |
||
| 245 |
_aEnfermedades fungosas del cartamo cartamus tinctorius L. / _c por Lucio Adelaido de la Rosa Lopez |
||
| 260 |
_as.l. : _b s.e. |
||
| 300 | _a3 h. | ||
| 650 |
_aAzafrancillo _x Enfermedades _99060 |
||
| 901 | _aPA FOLLETO 3144 | ||
| 902 | _aA | ||
| 905 | _a0000001990 0000000000 00 | ||
| 910 | _a1990 | ||
| 942 | _cPARA | ||
| 942 |
_cPARA _d1 |
||
| 999 |
_c198693 _d198693 |
||